| 000 | 00433pab a2200181 454500 | ||
|---|---|---|---|
| 008 | 180718b2012 xxu||||| |||| 00| 0 eng d | ||
| 100 | _aAcemoglu, Daron | ||
| 245 | _aA dynamic theory of resource wars | ||
| 260 | _c2012 | ||
| 300 | _ap.283-331. | ||
| 362 | _aFeb | ||
| 650 | _aWar | ||
| 700 | _aYared, Pierre | ||
| 700 | _aGolosov, Mikhail, Aleh | ||
| 773 | _aQuarterly Journal of Economics | ||
| 908 | _aN | ||
| 909 | _a96732 | ||
| 999 |
_c96732 _d96732 |
||